| 000 | 00940nam a22002057a 4500 | ||
|---|---|---|---|
| 999 |
_c11956 _d11956 |
||
| 003 | AR-CdUCM | ||
| 008 | 190405b ||||| |||| 00| 0 spa d | ||
| 040 |
_aMUNICIPALIDAD PROVINCIAL DEL CUSCO _cBIBLIOTECA MUNICIPAL DEL CUSCO |
||
| 082 |
_a335.4 / _bY74 / 1929 |
||
| 100 |
_aYaroslavski, E _929591 |
||
| 245 |
_aHistoria del partido bolchevique : _bPrimera parte desde el movimiento populista hasta la guerra imperialista / |
||
| 260 |
_aParís : _bEuropa - américa _c1929. |
||
| 300 |
_a396 páginas ; _c18 cm. |
||
| 505 | _aContenido : Hasta la emancipación de los campesinos del derecho feudal en 1861 -- El populismo -- Del grupo "La emancipación del trabajo" al primer congreso del partido obrero socialdemócrata ruso -- El periodo de disgregación, dispersión y vacilaciones ... | ||
| 650 |
_aHistoria _9136 |
||
| 650 |
_aPartido _929592 |
||
| 650 |
_aBolchevique _916010 |
||
| 942 |
_2ddc _cLIBROS |
||
| 945 |
_arah _d05/04/2019 |
||